Sleep Token - Hypnosis (All lyrics) - Statistics

General Stats
  • This quiz has been taken 32 times
  • The average score is 121 of 149
Answer Stats
Lyrics % Correct
me
100%
You
100%
you
100%
(You
100%
(you
100%
hypnotize
89%
I
89%
always
84%
always)
84%
know
84%
and
79%
And
79%
my
79%
no
79%
oh,
79%
Oh,
79%
ever
74%
Of
74%
own
74%
skin
74%
skin,
74%
take
74%
Take
74%
all
68%
All
68%
am
68%
doubt
68%
everything
68%
feel
68%
from
68%
it
68%
Leave
68%
left
68%
Lift,
68%
lift
68%
make
68%
nothing
68%
out
68%
Could
63%
Split
63%
your
63%
Before
58%
that
58%
under
58%
almost
53%
bleed
53%
give
53%
Give
53%
Just
53%
want
53%
teeth
47%
Than
47%
more
42%
Sink,
42%
sink
42%
No matching quizzes found
Score Distribution
Percent of People with Each Score
Percentile by Number Answered
Your Score History
You have not taken this quiz